000 00288nam a22001217a 4500
003 SGT
082 _a823
_bLEW
100 _aLEWIS C.S
245 _aTHE CHRONICLES OF NARNIA
_b THE LION THE WITCH AND THE WARDROBE
260 _aU.K
_bHARPER PUB
_c2009
300 _a202
942 _2ddc
_cBK
999 _c33672
_d33672